[Event "POL-chT 2nd League"]
[Site "Jastrzebia Gora"]
[Date "2023.09.03"]
[Round "2.65"]
[White "Zabron, Maksym"]
[Black "Jedynak, January"]
[Result "1-0"]
[WhiteElo "1993"]
[BlackElo "1846"]
[PlyCount "95"]
[EventDate "2023.09.02"]
[EventType "team-swiss"]
[EventRounds "9"]
[EventCountry "POL"]
[SourceTitle "EXT 2024"]
[Source "ChessBase"]
[SourceDate "2023.10.10"]
[SourceVersion "1"]
[SourceVersionDate "2023.10.10"]
[SourceQuality "1"]
[WhiteTeam "Gliwice Politechnika Slaska"]
[BlackTeam "Warszawa Zugzwang"]
[WhiteTeamCountry "POL"]
[BlackTeamCountry "POL"]

1. d4 Nf6 2. c4 e6 3. Nc3 d5 4. cxd5 exd5 5. Bg5 Be7 6. e3 c6 7. Bd3 0-0 8. Qc2 Nbd7 9. Nf3 Re8 10. 0-0 Ne4 11. Bxe7 Qxe7 12. Nd2 Ndf6 13. Rae1 Bf5 14. Nb3 Nxc3 15. bxc3 Bxd3 16. Qxd3 Qe4 17. Qe2 Qe7 18. f3 Qa3 19. Qc2 Re7 20. Re2 Rae8 21. Rfe1 Qd6 22. g3 Qe6 23. Kg2 Nd7 24. e4 Qg6 25. e5 Qxc2 26. Rxc2 Nb6 27. f4 Nc4 28. g4 a5 29. Kf3 a4 30. Nc5 a3 31. Nd3 f6 32. Rce2 Kf7 33. h4 h6 34. f5 g6 35. e6+ Kg7 36. Nf4 Nd6 37. Nxg6 Rc7 38. Nf4 Ne4 39. Rxe4 dxe4+ 40. Rxe4 Kf8 41. Nh5 Ke7 42. g5 hxg5 43. hxg5 fxg5 44. f6+ Kf8 45. Kg4 Rec8 46. Kxg5 Kg8 47. Kg6 Kh8 48. e7 1-0

[Event "EU-ch Rapid"]
[Site "Katowice"]
[Date "2022.12.18"]
[Round "10"]
[White "Warszawski, Bartosz"]
[Black "Zabron, Maksym"]
[Result "1-0"]
[WhiteElo "2160"]
[BlackElo "2019"]
[PlyCount "153"]
[EventDate "2022.12.17"]
[EventType "swiss (rapid)"]
[EventRounds "11"]
[EventCountry "POL"]
[SourceTitle "CBM 211 Extra"]
[Source "ChessBase"]
[SourceDate "2023.01.31"]
[SourceVersion "1"]
[SourceVersionDate "2023.01.31"]
[SourceQuality "1"]

1. e4 c5 2. Nf3 d6 3. Nc3 Nf6 4. e5 dxe5 5. Nxe5 Nbd7 6. d4 e6 7. Bb5 a6 8. Bxd7+ Nxd7 9. Qh5 g6 10. Qf3 Qf6 11. Bf4 g5 12. Bxg5 Qxg5 13. Qxf7+ Kd8 14. Qxd7+ Bxd7 15. Nf7+ Kc7 16. Nxg5 cxd4 17. Nce4 Rg8 18. 0-0 Be7 19. Nf3 Bc6 20. Rfe1 Rg4 21. Ng3 Bxf3 22. gxf3 Rg6 23. Re4 Bc5 24. Rae1 Kd6 25. Rh4 h6 26. Kf1 Rf8 27. Rh5 Bb6 28. Ne4+ Kc6 29. Nd2 Rf4 30. Re4 Rf8 31. Nc4 Bc7 32. Ne5+ Bxe5 33. Rhxe5 Kd6 34. f4 Rxf4 35. Rxe6+ Rxe6 36. Rxf4 Ke5 37. Rf3 Rb6 38. Rb3 Rc6 39. c3 dxc3 40. Rxc3 Rd6 41. Ke2 b5 42. Rh3 Rc6 43. Ke3 Kf5 44. Rh5+ Kg6 45. Rd5 Kf6 46. Kd3 Kg6 47. f4 Kf6 48. b3 Ke6 49. Rh5 Kf7 50. a4 b4 51. Kd4 Rc3 52. Rxh6 Rxb3 53. Rxa6 Rf3 54. Ke4 Ra3 55. Kf5 b3 56. Ra7+ Kf8 57. Rb7 Rxa4 58. Rxb3 Ra5+ 59. Kg4 Kf7 60. Rb6 Ra2 61. h4 Rg2+ 62. Kf5 Rh2 63. Rb7+ Kf8 64. Kg5 Rc2 65. h5 Rc5+ 66. f5 Rc6 67. h6 Kg8 68. f6 Rc1 69. h7+ Kh8 70. Rb8+ Kxh7 71. f7 Rg1+ 72. Kh4 Rh1+ 73. Kg3 Rg1+ 74. Kf2 Rg6 75. f8N+ Kg7 76. Nxg6 Kxg6 77. Rb5 1-0

[Event "Ustron op-B"]
[Site "Ustron"]
[Date "2022.08.20"]
[Round "9"]
[White "Zabron, Maksym"]
[Black "Stachecki, Mikolaj"]
[Result "0-1"]
[WhiteElo "2064"]
[BlackElo "1928"]
[PlyCount "64"]
[EventDate "2022.08.12"]
[EventType "swiss"]
[EventRounds "9"]
[EventCountry "POL"]
[SourceTitle "CBM 209 Extra"]
[Source "ChessBase"]
[SourceDate "2022.09.30"]
[SourceVersion "1"]
[SourceVersionDate "2022.09.30"]
[SourceQuality "1"]

1. d4 d5 2. c4 e6 3. Nc3 Nf6 4. cxd5 Nxd5 5. e4 Nxc3 6. bxc3 c5 7. Rb1 cxd4 8. cxd4 Nc6 9. Bb5 a6 10. Bxc6+ bxc6 11. Nf3 c5 12. 0-0 Be7 13. Qc2 cxd4 14. Rd1 0-0 15. Rxd4 Qe8 16. Qc7 f6 17. e5 f5 18. Rd1 Rf7 19. Qc4 Bf8 20. Be3 h6 21. Bb6 Bb7 22. Nd4 Bd5 23. Qe2 Rb7 24. Ba5 Rxb1 25. Rxb1 Qa4 26. Qd2 Qxa2 27. Qxa2 Bxa2 28. Rb7 Rc8 29. Kf1 Rc5 30. Bc7 Bd5 31. Ra7 Rc1+ 32. Ke2 Bc5 0-1

[Event "Lazy Baltic Pearl op-A 18th"]
[Site "Lazy"]
[Date "2022.06.29"]
[Round "4"]
[White "Zabron, Maksym"]
[Black "Kaliszuk, Kamil"]
[Result "1-0"]
[WhiteElo "1947"]
[BlackElo "2088"]
[PlyCount "73"]
[EventDate "2022.06.26"]
[EventType "swiss"]
[EventRounds "9"]
[EventCountry "POL"]
[SourceTitle "CBM 209 Extra"]
[Source "ChessBase"]
[SourceDate "2022.09.30"]
[SourceVersion "1"]
[SourceVersionDate "2022.09.30"]
[SourceQuality "1"]

1. d4 Nf6 2. c4 e6 3. Nc3 c5 4. d5 exd5 5. cxd5 d6 6. e4 g6 7. f4 Bg7 8. Bb5+ Nfd7 9. a4 0-0 10. Nf3 Re8 11. 0-0 a6 12. Bd3 Qc7 13. Re1 c4 14. Bc2 Nc5 15. h3 Nbd7 16. Ra3 Rb8 17. a5 b5 18. axb6 Nxb6 19. Kh1 h6 20. Ra2 Bb7 21. Be3 Rbd8 22. Bd4 Bxd4 23. Qxd4 Rc8 24. Raa1 Ba8 25. f5 Kh7 26. e5 Nd3 27. Bxd3 dxe5 28. fxg6+ fxg6 29. Bxg6+ Kxg6 30. Nxe5+ Kh7 31. Qe4+ Kg8 32. Qg6+ Qg7 33. Qxb6 Rxe5 34. Rxe5 Qxe5 35. Qg6+ Kh8 36. Qxh6+ Kg8 37. Rf1 1-0

[Event "POL-ch U18"]
[Site "Sypniewo"]
[Date "2022.03.25"]
[Round "7"]
[White "Kacprzak, Karol1111"]
[Black "Zabron, Maksym"]
[Result "1-0"]
[WhiteElo "2275"]
[BlackElo "1934"]
[PlyCount "116"]
[EventDate "2022.03.19"]
[EventType "swiss"]
[EventRounds "9"]
[EventCountry "POL"]
[SourceTitle "CBM 207 Extra"]
[Source "ChessBase"]
[SourceDate "2022.05.31"]
[SourceVersion "1"]
[SourceVersionDate "2022.05.31"]
[SourceQuality "1"]

1. e4 e5 2. Nf3 Nc6 3. Bb5 f5 4. d3 fxe4 5. dxe4 Nf6 6. Qd3 Bc5 7. Nc3 Qe7 8. Bg5 Nb4 9. Qe2 c6 10. Bc4 a5 11. a3 Na6 12. 0-0 b5 13. Ba2 d6 14. a4 b4 15. Nd1 Nc7 16. Ne3 Ba6 17. Bc4 Bxc4 18. Qxc4 Qf7 19. Qd3 0-0 20. Nc4 Nce8 21. b3 Kh8 22. Be3 Nd7 23. Rad1 Qh5 24. Rd2 Nef6 25. Nxd6 Ng4 26. Nf5 Bxe3 27. fxe3 Nc5 28. Qc4 Nxe4 29. Qxe4 Qxf5 30. Qxf5 Rxf5 31. e4 Rf4 32. Re1 Nf6 33. Nxe5 Rxe4 34. Rxe4 Nxe4 35. Rd4 Nc3 36. Rc4 g6 37. Nxc6 Rf8 38. g3 Rf5 39. Kg2 Nd1 40. Re4 Rc5 41. Nd4 Kg8 42. Re1 Nc3 43. Re7 Rd5 44. Nf3 Rc5 45. Re5 Nd5 46. Nd4 Kf7 47. Kf2 Kf6 48. Re6+ Kf7 49. Rc6 Rc3 50. Rxc3 bxc3 51. Nc6 Ke6 52. Nxa5 Nb4 53. Ke3 Nxc2+ 54. Kd3 Nd4 55. Kxc3 Nf3 56. h4 Kd5 57. Nc4 Ng1 58. Kd3 Nh3 1-0

[Event "POL-ch U18"]
[Site "Sypniewo"]
[Date "2022.03.23"]
[Round "5"]
[White "Stachecki, Mikolaj"]
[Black "Zabron, Maksym"]
[Result "0-1"]
[WhiteElo "1837"]
[BlackElo "1934"]
[PlyCount "74"]
[EventDate "2022.03.19"]
[EventType "swiss"]
[EventRounds "9"]
[EventCountry "POL"]
[SourceTitle "CBM 207 Extra"]
[Source "ChessBase"]
[SourceDate "2022.05.31"]
[SourceVersion "1"]
[SourceVersionDate "2022.05.31"]
[SourceQuality "1"]

1. e4 c5 2. Nf3 e6 3. d4 cxd4 4. Nxd4 Nc6 5. Nc3 Qc7 6. Be2 a6 7. 0-0 Nf6 8. Be3 Be7 9. f4 d6 10. a4 0-0 11. Kh1 Nxd4 12. Qxd4 e5 13. Qd3 exf4 14. Bxf4 Be6 15. Qg3 Ne8 16. Rad1 Rd8 17. Rd2 Bf6 18. Rf3 Qa5 19. b3 Qb4 20. Nd5 Bxd5 21. exd5 Be5 22. Rd1 Bxf4 23. Rxf4 Qc5 24. Qh4 Nc7 25. Rc4 Qb6 26. Rd3 Rde8 27. Rh3 h6 28. Rg4 f5 29. Rxg7+ Kxg7 30. Qxh6+ Kf7 31. Qh7+ Kf6 32. Qh4+ Ke5 33. Qg3+ Kxd5 34. Bf3+ Ke6 35. Qg7 Rf7 36. Qg6+ Rf6 37. Qg7 Qf2 0-1

[Event "EU-ch Rapid"]
[Site "Katowice"]
[Date "2021.12.18"]
[Round "4"]
[White "Kovalenko, Igor"]
[Black "Zabron, Maksym"]
[Result "1-0"]
[WhiteElo "2668"]
[BlackElo "1888"]
[PlyCount "93"]
[EventDate "2021.12.18"]
[EventType "swiss (rapid)"]
[EventRounds "11"]
[EventCountry "POL"]
[SourceTitle "CBM 205 Extra"]
[Source "ChessBase"]
[SourceDate "2022.01.31"]
[SourceVersion "1"]
[SourceVersionDate "2022.01.31"]
[SourceQuality "1"]

1. e4 c5 2. Be2 e6 3. f4 Nc6 4. Nf3 g6 5. 0-0 Bg7 6. c3 Nge7 7. Na3 0-0 8. d3 d5 9. Qe1 b6 10. Bd2 Ba6 11. Rd1 Qc7 12. Kh1 Rad8 13. e5 b5 14. d4 cxd4 15. cxd4 Qb6 16. Nc2 Rb8 17. a3 Nf5 18. Bc3 Bb7 19. Bd3 a5 20. Bxf5 gxf5 21. Rg1 Kh8 22. b4 a4 23. Rd3 Ne7 24. Ng5 Ng6 25. Ne3 h6 26. Nh3 Qd8 27. g4 Qh4 28. Qg3 fxg4 29. Nxg4 Bc8 30. Be1 Qxg3 31. hxg3 Bd7 32. Rc3 Rbc8 33. Rc5 Rfd8 34. Nhf2 Bf8 35. Nd3 Bxc5 36. bxc5 Kg7 37. Nf6 Bc6 38. Kg2 Rh8 39. Nh5+ Kh7 40. Kf3 Ne7 41. g4 Bb7 42. Ke3 Kg6 43. Bh4 Nc6 44. f5+ exf5 45. gxf5+ Kxh5 46. Bf6 Rhg8 47. Nf4# 1-0

[Event "EU-ch Blitz"]
[Site "Katowice"]
[Date "2021.12.17"]
[Round "1"]
[White "Zabron, Maksym"]
[Black "Kowalski, Igor"]
[Result "0-1"]
[WhiteElo "1888"]
[BlackElo "2370"]
[PlyCount "72"]
[EventDate "2021.12.17"]
[EventType "swiss (blitz)"]
[EventRounds "22"]
[EventCountry "POL"]
[SourceTitle "CBM 205 Extra"]
[Source "ChessBase"]
[SourceDate "2022.01.31"]
[SourceVersion "1"]
[SourceVersionDate "2022.01.31"]
[SourceQuality "1"]

1. d4 Nf6 2. c4 g6 3. Nc3 Bg7 4. e4 d6 5. f4 0-0 6. Nf3 c5 7. d5 e6 8. dxe6 Bxe6 9. Bd3 Nc6 10. 0-0 Re8 11. f5 Bc8 12. Bg5 h6 13. Bxf6 Bxf6 14. fxg6 fxg6 15. e5 dxe5 16. Bxg6 Qxd1 17. Raxd1 Rf8 18. Ne4 Be7 19. Nfd2 Be6 20. b3 Kg7 21. Bh5 a5 22. h3 a4 23. Rxf8 Bxf8 24. Nf3 axb3 25. axb3 Ra3 26. Rd3 Be7 27. Be8 Bxc4 28. Rc3 Bd5 29. Nxc5 e4 30. Bxc6 bxc6 31. Nd4 Bf6 32. Nce6+ Kf7 33. Rc1 Bxe6 34. Nxe6 Kxe6 35. Rxc6+ Kf7 36. Rb6 Bd4+ 0-1

[Event "POL-ch U20"]
[Site "Pokrzywna"]
[Date "2020.12.03"]
[Round "6"]
[White "Zabron, Maksym"]
[Black "Fiedorek, Michal"]
[Result "0-1"]
[WhiteElo "1932"]
[BlackElo "2176"]
[PlyCount "70"]
[EventDate "2020.11.30"]
[EventType "swiss"]
[EventRounds "9"]
[EventCountry "POL"]
[SourceTitle "CBM 199 Extra"]
[Source "ChessBase"]
[SourceDate "2021.01.31"]
[SourceVersion "1"]
[SourceVersionDate "2021.01.31"]
[SourceQuality "1"]

1. d4 d5 2. c4 e6 3. Nc3 Nf6 4. Nf3 c5 5. cxd5 Nxd5 6. e4 Nxc3 7. bxc3 cxd4 8. cxd4 Bb4+ 9. Bd2 Bxd2+ 10. Qxd2 0-0 11. Bc4 Nd7 12. 0-0 b6 13. d5 Nc5 14. Qf4 Bb7 15. dxe6 Nxe6 16. Bxe6 fxe6 17. Qg4 Rf6 18. Rfd1 Qe7 19. Ne5 Rff8 20. Rac1 Rac8 21. Rxc8 Rxc8 22. h3 Qf6 23. Nd7 Qe7 24. Ne5 Rc7 25. Qe2 Qg5 26. f4 Qe7 27. Qd3 Rc8 28. Kh2 h6 29. Qb3 Bxe4 30. Rd7 Qf6 31. Rf7 Rc2 32. Qa4 Rxg2+ 33. Kh1 Qh4 34. Qe8+ Kh7 35. Qxe6 Qe1# 0-1

[Event "Katowice POL-HUN rapid 8th"]
[Site "Katowice"]
[Date "2020.09.13"]
[Round "2.3"]
[White "Zabron, Maksym"]
[Black "Miton, Kamil"]
[Result "0-1"]
[WhiteElo "1932"]
[BlackElo "2590"]
[PlyCount "72"]
[EventDate "2020.09.13"]
[EventType "swiss (rapid)"]
[EventRounds "9"]
[EventCountry "POL"]
[SourceTitle "CBM 198 Extra"]
[Source "ChessBase"]
[SourceDate "2020.11.30"]
[SourceVersion "1"]
[SourceVersionDate "2020.11.30"]
[SourceQuality "1"]

1. d4 Nf6 2. c4 b6 3. Nc3 Bb7 4. d5 e6 5. e4 exd5 6. cxd5 Bb4 7. Bd3 c6 8. dxc6 Nxc6 9. Nge2 0-0 10. 0-0 Ne5 11. Bf4 Re8 12. Nd5 Nxd5 13. exd5 Nxd3 14. Qxd3 a5 15. Nc3 Qf6 16. Bg3 Ba6 17. Nb5 Qxb2 18. a4 Bc5 19. Rab1 Bxb5 20. Qxb5 Qxb5 21. Rxb5 Rac8 22. h3 Re4 23. Ra1 f5 24. Kf1 Rd4 25. d6 f4 26. Bh4 Rxd6 27. Be7 Rd2 28. Bxc5 Rxc5 29. Rxb6 Rcc2 30. Re1 Rxf2+ 31. Kg1 Rxg2+ 32. Kh1 f3 33. Rb8+ Kf7 34. Rb3 Rh2+ 35. Kg1 Rcg2+ 36. Kf1 Rh1# 0-1

[Event "POL-ch U16"]
[Site "Szklarska Poreba"]
[Date "2020.03.08"]
[Round "2"]
[White "Zabron, Maksym"]
[Black "Budzisz, Adrian"]
[Result "1-0"]
[WhiteElo "2023"]
[BlackElo "1812"]
[PlyCount "81"]
[EventDate "2020.03.07"]
[EventType "swiss"]
[EventRounds "8"]
[EventCountry "POL"]
[SourceTitle "CBM 195 Extra"]
[Source "ChessBase"]
[SourceDate "2020.05.31"]
[SourceVersion "1"]
[SourceVersionDate "2020.05.31"]
[SourceQuality "1"]

1. d4 Nf6 2. c4 e6 3. Nc3 Bb4 4. e3 0-0 5. Nge2 d5 6. a3 Be7 7. cxd5 Nxd5 8. Nxd5 exd5 9. g3 Nd7 10. Bg2 Nf6 11. 0-0 Bf5 12. Nc3 c6 13. b4 b5 14. Bd2 Qd7 15. Qe2 Rfe8 16. f3 h5 17. Qf2 Bf8 18. Rfe1 Rad8 19. Ne2 Nh7 20. Bc3 g5 21. Nc1 Nf6 22. Nb3 Bg6 23. Nc5 Qc8 24. e4 dxe4 25. fxe4 Bg7 26. h3 Nd7 27. Qe3 Nxc5 28. bxc5 g4 29. h4 Qc7 30. Rad1 a5 31. Kh2 Kh7 32. d5 Bh6 33. Qf2 cxd5 34. exd5 Rxe1 35. Rxe1 b4 36. axb4 axb4 37. Bxb4 Rb8 38. d6 Qc8 39. Bc3 Rb5 40. c6 Qf8 41. d7 1-0

[Event "Baltic Pearl op 15th"]
[Site "Lazy"]
[Date "2019.07.02"]
[Round "9"]
[White "Zabron, Maksym"]
[Black "Cukrowski, Filip"]
[Result "1/2-1/2"]
[WhiteElo "1804"]
[BlackElo "2421"]
[PlyCount "67"]
[EventDate "2019.06.23"]
[EventType "swiss"]
[EventRounds "9"]
[EventCountry "POL"]
[SourceTitle "CBM 191 Extra"]
[Source "ChessBase"]
[SourceDate "2019.09.30"]
[SourceVersion "1"]
[SourceVersionDate "2019.09.30"]
[SourceQuality "1"]

1. d4 e6 2. Nf3 Nf6 3. Bg5 h6 4. Bxf6 Qxf6 5. e4 g6 6. Bd3 d6 7. Nc3 Bg7 8. Qe2 0-0 9. e5 Qe7 10. 0-0 b6 11. Nd2 Bb7 12. f4 c5 13. Nb5 d5 14. c3 Ba6 15. Nd6 Bxd3 16. Qxd3 Rd8 17. Nf3 Bf8 18. h4 f5 19. exf6 Qxf6 20. Nb5 a6 21. Na3 cxd4 22. cxd4 Nc6 23. Nc2 Qf5 24. Qd2 Rac8 25. Rac1 Bg7 26. Ne5 Nxe5 27. fxe5 Qh5 28. Qd3 Kh7 29. Qh3 Qe2 30. Rf2 Qb5 31. b3 Qd7 32. Qd3 Qb5 33. Qxb5 axb5 34. Rcf1 1/2-1/2